Piedra abstracta : la escultura inca : una visión contemporánea / (Record no. 91818)

MARC details
000 -LEADER
fixed length control field 00558cam a2200193 4500
008 - FIXED-LENGTH DATA ELEMENTS--GENERAL INFORMATION
fixed length control field 1989 a spa
020 ## - INTERNATIONAL STANDARD BOOK NUMBER
International Standard Book Number 950-557-076-7
050 #4 - LIBRARY OF CONGRESS CALL NUMBER
Classification number F3429
Item number P3 1989
100 1# - MAIN ENTRY--PERSONAL NAME
Personal name Paternosto, Cesar
245 #0 - TITLE STATEMENT
Title Piedra abstracta : la escultura inca : una visión contemporánea /
Statement of responsibility, etc Cesar Paternosto.
260 ## - PUBLICATION, DISTRIBUTION, ETC. (IMPRINT)
Place of publication, distribution, etc México :
Name of publisher, distributor, etc Fondo de Cultura Económica,
Date of publication, distribution, etc 1989
300 ## - PHYSICAL DESCRIPTION
Extent 206 p.
440 #0 - SERIES STATEMENT/ADDED ENTRY--TITLE
Title Tierra Firme
500 ## - GENERAL NOTE
General note 1 ejemplar
650 #4 - SUBJECT ADDED ENTRY--TOPICAL TERM
Topical term or geographic name as entry element Incas
General subdivision Arquitectura
942 ## - ADDED ENTRY ELEMENTS (KOHA)
Source of classification or shelving scheme Biblioteca del Cogreso de los Estados Unidos
Koha item type Libro
Holdings
Estado de pérdida Fuente de clasificación Estado del daño No para préstamo Ubicación permanente Ubicación actual Apartado o colección Fecha de adquisición Edición Dependencia de educación superior (DES) Área del conocimiento Clasificación Código de Barras Date last seen Número de copia Tipo de recurso
  Biblioteca del Cogreso de los Estados Unidos     Biblioteca de la Facultad de Filosofía Biblioteca de la Facultad de Filosofía General 06/05/2015 1a. ed. Humanidades Educación y Humanidades F3429 P3 1989 BFF000010250 06/05/2015 c: 1 Libro